Statistics for Flags with Plants

Click here to take the quiz!

General Stats

  • This quiz has been taken 60 times
  • The average score is 15 of 20

Answer Stats

Answer% Correct
Canada
100%
Mexico
95%
Lebanon
93%
Cyprus
91%
El Salvador
89%
Afghanistan
80%
Sri Lanka
80%
Dominican Republic
79%
Belize
77%
Bolivia
77%
Haiti
77%
Moldova
77%
San Marino
75%
Fiji
68%
Guatemala
66%
Peru
63%
Vanuatu
59%
Eritrea
52%
Grenada
52%
Equatorial Guinea
48%

Score Distribution

Percentile by Number Answered

Percent of People with Each Score

Your Score History

You have not taken this quiz